Israel : Selected Issues.

The study shows that the Israeli economy has emerged unscathed from the global financial crisis. The first part of the study outlines the relationship between risk and Israel's macroeconomic performance, estimated through a regression analysis. The second part of the study focuses on macrofinan...

Szczegółowa specyfikacja

Opis bibliograficzny
Korporacja: International Monetary Fund
Format: Czasopismo
Język:English
Wydane: Washington, D.C. : International Monetary Fund, 2011.
Seria:IMF Staff Country Reports; Country Report ; No. 2011/023
Dostęp online:Full text available on IMF
LEADER 01562cas a2200241 a 4500
001 AALejournalIMF006998
008 230101c9999 xx r poo 0 0eng d
020 |c 5.00 USD 
020 |z 9781455213825 
022 |a 1934-7685 
040 |a BD-DhAAL  |c BD-DhAAL 
110 2 |a International Monetary Fund. 
245 1 0 |a Israel :   |b Selected Issues. 
264 1 |a Washington, D.C. :  |b International Monetary Fund,  |c 2011. 
300 |a 1 online resource (45 pages) 
490 1 |a IMF Staff Country Reports 
500 |a <strong>Off-Campus Access:</strong> No User ID or Password Required 
500 |a <strong>On-Campus Access:</strong> No User ID or Password Required 
506 |a Electronic access restricted to authorized BRAC University faculty, staff and students 
520 3 |a The study shows that the Israeli economy has emerged unscathed from the global financial crisis. The first part of the study outlines the relationship between risk and Israel's macroeconomic performance, estimated through a regression analysis. The second part of the study focuses on macrofinancial policies to cope with macrofinancial risk, with special emphasis on monetary and fiscal intervention. The study shows that stress testing and CCA analysis play a role in supervisory work; they complement and can inform each other in critical areas. 
538 |a Mode of access: Internet 
830 0 |a IMF Staff Country Reports; Country Report ;  |v No. 2011/023 
856 4 0 |z Full text available on IMF  |u http://elibrary.imf.org/view/journals/002/2011/023/002.2011.issue-023-en.xml  |z IMF e-Library